000 00479nmm a2200169Ia 4500
008 251105s9999||||xx |||||||||||||||||und||
020 _a9788446027959
041 _aspa
100 _aFanon, Frantz
245 0 _aPiel negra, máscaras blancas
264 _a[Madrid, España] :
_bAkal,
_c2009
300 _a384 páginas
490 _aCuestiones de antagonismo
650 _aSocial Sciences (General)
856 _uhttps://public.digitaliapublishing.com/a/37661
942 _cCF
999 _c82841
_d82841